| 000 | 00988nas a2200325 4500 | ||
|---|---|---|---|
| 001 | BR2012009499 | ||
| 003 | BR-BrBNA | ||
| 005 | 20231205121631.0 | ||
| 007 | ta | ||
| 008 | 230509b bl.|||p| |||| 00| 00por d | ||
| 040 |
_aBR-BrBNA _bpor _cBiblioteca Nacional de Agricultura |
||
| 041 | _a(Pt) | ||
| 072 | _aL73 | ||
| 100 | 1 | _aGregori, F. | |
| 100 | 1 | _aRosales, C.A.R. | |
| 100 | 1 | _aBrandão, P.E. | |
| 100 | 1 | _aSoares, R.M. | |
| 100 | 1 | _aJerez, J.A. | |
| 245 | 1 | _aDiversidade genotípica de rotavírus suínos no Estado de São Paulo | |
| 246 | 1 | _aDiversity of porcine rotavirus genotypes in São Paulo state, Brazil | |
| 650 | _aSUÍNO | ||
| 650 | _aROTAVÍRUS | ||
| 650 | _aDOENÇA ANIMAL | ||
| 650 | _aVÍRUS | ||
| 650 | _aVARIAÇÃO GENÉTICA | ||
| 650 | _aSÃO PAULO | ||
| 773 | 0 |
_tPesquisa Veterinária Brasileira (Brazil) _xISSN 0100-736X _g(Sep 2009), v. 29(9) p. 707-712 _wBR2012009499 |
|
| 909 |
_a202311 _bLúcia _c55 _dLúcia Elande |
||
| 942 |
_2AGRIS _n0 _cANA |
||
| 999 |
_c224480 _d224480 |
||